[Event "Muret op Seniors"]
[Site "Muret"]
[Date "2016.06.23"]
[Round "4"]
[White "Poirier, Michel"]
[Black "Parpinel, Mario"]
[Result "0-1"]
[WhiteElo "1532"]
[BlackElo "1591"]
[PlyCount "126"]
[EventDate "2016.06.20"]
[EventType "swiss"]
[EventRounds "7"]
[EventCountry "FRA"]
[SourceTitle "EXT 2017"]
[Source "ChessBase"]
[SourceDate "2016.10.25"]
[SourceVersion "1"]
[SourceVersionDate "2016.10.25"]
[SourceQuality "1"]

1. e4 d6 2. d4 Nf6 3. Nc3 e5 4. dxe5 dxe5 5. Qxd8+ Kxd8 6. h3 Be6 7. Nf3 Nbd7 8. Be3 Bb4 9. Bd3 c5 10. Bg5 h6 11. Bxf6+ gxf6 12. Nd2 Rg8 13. g3 Nb6 14. a3 Bxc3 15. bxc3 c4 16. Be2 Rc8 17. a4 Rc6 18. g4 Ke7 19. 0-0 Nc8 20. Rfd1 Nd6 21. f3 f5 22. Kf2 fxe4 23. Nxe4 Nxe4+ 24. fxe4 Rg6 25. Rab1 Rc7 26. Rb5 f6 27. Rdb1 b6 28. a5 Rg8 29. axb6 axb6 30. Rxb6 Rgc8 31. Ra6 Rc6 32. Ra7+ R8c7 33. Rab7 Rxb7 34. Rxb7+ Bd7 35. h4 Kd8 36. Ke3 Ke7 37. Rb8 Rc8 38. Rxc8 Bxc8 39. Bxc4 Bxg4 40. Be2 Be6 41. c4 Kd6 42. Kd3 Kc5 43. Kc3 Bd7 44. Kd2 Be8 45. Ke3 Bf7 46. Kf3 Bh5+ 47. Kf2 Bxe2 48. Kxe2 Kxc4 49. Kf3 h5 50. Ke3 Kc3 51. Ke2 Kxc2 52. Ke3 Kc3 53. Ke2 Kd4 54. Kf3 Kd3 55. Kf2 Kxe4 56. Kg3 Ke3 57. Kg2 Ke2 58. Kg3 f5 59. Kg2 f4 60. Kg1 Kf3 61. Kh2 e4 62. Kh3 e3 63. Kh2 e2 0-1

[Event "Muret op Seniors"]
[Site "Muret"]
[Date "2016.06.22"]
[Round "3"]
[White "Lecoultre, Patrick"]
[Black "Poirier, Michel"]
[Result "1/2-1/2"]
[WhiteElo "1672"]
[BlackElo "1532"]
[PlyCount "109"]
[EventDate "2016.06.20"]
[EventType "swiss"]
[EventRounds "7"]
[EventCountry "FRA"]
[SourceTitle "EXT 2017"]
[Source "ChessBase"]
[SourceDate "2016.10.25"]
[SourceVersion "1"]
[SourceVersionDate "2016.10.25"]
[SourceQuality "1"]

1. d4 d5 2. Nf3 Nf6 3. Bg5 e6 4. c4 Nbd7 5. e3 c5 6. cxd5 exd5 7. Bb5 a6 8. Be2 Be7 9. Nbd2 c4 10. 0-0 0-0 11. Qc2 b5 12. b3 h6 13. Bh4 Re8 14. a4 Bb7 15. axb5 axb5 16. bxc4 bxc4 17. Rfb1 Ne4 18. Bxe7 Rxe7 19. Nxe4 dxe4 20. Nd2 Bd5 21. Nxc4 Rc8 22. Qa4 Ra8 23. Qb5 Rxa1 24. Rxa1 Nf6 25. Ne5 Rb7 26. Qc5 Qb8 27. Rc1 Rb1 28. h3 Qb2 29. Rxb1 Qxb1+ 30. Bf1 Bb7 31. Qb5 Qxb5 32. Bxb5 Nd5 33. Bc6 Bxc6 34. Nxc6 Kf8 35. Kf1 f5 36. Ne5 Ke7 37. Ke2 Ke6 38. f3 g5 39. fxe4 fxe4 40. g4 Nb4 41. Kd2 Nd5 42. Nc6 Kd6 43. Na5 Ke6 44. Nc4 Nf6 45. Ke2 Nd5 46. Na3 Nf6 47. Nb1 Nd5 48. Kd2 Kd6 49. Nc3 Nf6 50. Ke2 Ke6 51. Kf2 Kd6 52. Kg3 Ke6 53. h4 Kd6 54. hxg5 hxg5 55. Kh3 1/2-1/2

[Event "Syre Memorial op 19th"]
[Site "Issy les Moulineaux"]
[Date "1996.??.??"]
[Round "4"]
[White "Hagopian, Stephane"]
[Black "Poirier, Michel"]
[Result "1-0"]
[WhiteElo "2150"]
[BlackElo "1620"]
[PlyCount "45"]
[EventDate "1996.05.??"]
[EventType "swiss"]
[EventRounds "6"]
[EventCountry "FRA"]
[SourceTitle "EXT 2005"]
[Source "ChessBase"]
[SourceDate "2004.11.15"]
[SourceVersion "1"]
[SourceVersionDate "2004.11.15"]
[SourceQuality "1"]

1. e4 c6 2. d4 d5 3. Nc3 dxe4 4. Nxe4 Bf5 5. Ng3 Bg6 6. Nf3 h6 7. Ne5 Bh7 8. Bc4 e6 9. Qe2 Be7 10. Nxf7 Qxd4 11. c3 Qf6 12. Nxh8 g5 13. Qxe6 Nd7 14. Qf7+ Qxf7 15. Nxf7 Nb6 16. Bb3 Bd3 17. Ne5 Bh7 18. Be3 Nd5 19. 0-0 Ngf6 20. Rad1 Bg8 21. Nf5 Nxe3 22. fxe3 Bxb3 23. axb3 1-0